02145nab a22003017a 4500999001500000003000400015005001700019008004100036040000700077100002900084245021500113260007300328300001500401500003600416505068800452505023001140505008101370650002301451650001801474650003101492650003101523650003101554650003301585650003001618650002701648773015501675942001301830 c6518d6518OSt20260219100443.0190429b xxu||||| |||| 00| 0 spa d cPJ 94642aVaninetti, Hugo A.10aImplementación del Sistema de Reconocimiento Facial de Prófugos (SRFP) de la Ciudad Autónoma de Buenos Aires : bel necesario resguardo de los derechos y garantías constitucionales /cHugo A. Vaninetti. cCiudad Autónoma de Buenos Aires :aThomson Reuters La Ley, b2024. ap. 231-238 aCita: TR LALEY AR/DOC/1470/2023 aSumario: I. Palabras previas.— II. Antecedentes del caso.— III. Sentencia de la Cámara de Apelaciones en lo Contencioso Administrativo Tributario y Relaciones de Consumo de la Ciudad Autónoma de Buenos Aires.— IV. Biometría. Afectación del derecho a la intimidad e imagen.— V. La imagen como dato personal. Derecho a la intimidad.— VI. El dato biométrico como dato personal. Resolución 4/2019 de la Agencia de Acceso a la Información Pública.— VII. Sistemas de Reconocimiento Facial. Definición.— VIII. Reconocimiento facial automático y la Inteligencia Artificial (IA).— IX. Problemas que acarrea el reconocimiento facial.— X. Palabras finales. aFallo comentado: CContenciosoadministrativo, Trib. y Relaciones de Consumo, Ciudad Autónoma de Buenos Aires, sala I ~ 28/04/2023 ~ Observatorio de Derecho Informático Argentino O.D.I.A. y otros c. GCBA s/ Amparo - Otros. tSi te interesa el texto completo, solicitalo a koha@justierradelfuego.gov.ar 09343aDERECHO PENAL 09290aSOFTWARE 092876aMEDIDAS DE SEGURIDAD 094026aFUERZAS DE SEGURIDAD 093016aPOLÍTICAS PUBLICAS 092724aDERECHO A LA INTIMIDAD 095557aDERECHO A LA IMAGEN 094108aDATOS PERSONALES0 0265893164tRevista de derecho penal y criminología. Nº 7 - Julio 2024dCiudad Autónoma de Buenos Aires : Thomson Reuters La Ley, 2017-x00347914 2udccANA